| 000 | 00994cam a2200289 i 4500 | ||
|---|---|---|---|
| 999 |
_c28384 _d28355 |
||
| 001 | 015104194 | ||
| 003 | EG-ScBUE | ||
| 005 | 20200322095107.0 | ||
| 008 | 090327s2009 enka bq 001|0 eng|d | ||
| 020 | _a9781906660093 (pbk.) | ||
| 020 | _a1906660093 (pbk.) | ||
| 040 |
_aStDuBDS _beng _erda _cStDuBDS _dUk _dEG-ScBUE |
||
| 082 | 0 | 4 |
_a791.4301 _bTHA _222 |
| 100 | 1 |
_aThanouli, Eleftheria, _eauthor. |
|
| 245 | 1 | 0 |
_aPost-classical cinema : _ban international poetics of film narration / _cEleftheria Thanouli. |
| 264 | 1 |
_aLondon ; _aNew York : _bWallflower Press, _c2009. |
|
| 300 |
_aviii, 239 pages : _billustrations ; _c24 cm |
||
| 336 |
_atext _btxt _2rdacontent |
||
| 337 |
_aunmediated _bn _2rdamedia |
||
| 338 |
_avolume _bnc _2rdacarrier |
||
| 504 | _aIncludes bibliographical references, filmography, and index. | ||
| 650 | 7 |
_aMotion pictures. _2BUEsh |
|
| 650 | 7 |
_aMotion pictures _xSemiotics. _2BUEsh |
|
| 653 |
_bCOMAME _cMarch2020 |
||
| 655 |
_vText book _933728 |
||
| 942 |
_2ddc _cBB |
||